|
|
|
|
| LEADER |
01038nam a2200301M 4500 |
| 001 |
1041 |
| 003 |
BD-DhAAL |
| 005 |
20200530212451.0 |
| 008 |
150301s1997 xxu 000 0 eng d |
| 999 |
|
|
|c 33832
|d 33832
|
| 020 |
|
|
|a 0256225125
|
| 020 |
|
|
|a 9780256225129
|
| 020 |
|
|
|a 0071153551 (PBK.)
|
| 020 |
|
|
|a 9780071153553 (PBK.)
|
| 040 |
|
|
|a UKV3G
|c UKV3G
|d BAKER
|d YDXCP
|d EQF
|d BD-DhAAL
|
| 082 |
0 |
4 |
|a 658.3
|2 23
|
| 100 |
1 |
|
|a Kreitner, Robert.
|9 8884
|
| 245 |
1 |
0 |
|a Organizational behavior /
|c Robert Kreitner and Angelo Kinicki.
|
| 250 |
|
|
|a Fourth edition
|
| 260 |
|
|
|a Chicago, Ill. :
|a London :
|b Irwin,
|c 1997.
|
| 300 |
|
|
|a xviii, 670 pages ;
|c 26 cm.
|
| 541 |
|
|
|e 1041
|
| 650 |
|
0 |
|a Organizational behavior.
|9 6652
|
| 650 |
|
0 |
|a Organizational behavior
|x Case studies.
|9 8885
|
| 700 |
1 |
|
|a Kinicki, Angelo.
|9 8886
|
| 852 |
|
|
|a Savar Campus Library
|c General Stacks
|
| 942 |
|
|
|2 ddc
|c BK
|
| 952 |
|
|
|0 0
|1 0
|2 ddc
|4 0
|6 658_300000000000000_KRE
|7 0
|9 52821
|a SCL
|b SCL
|c GEN
|d 2015-03-01
|g 915.00
|l 0
|o 658.3 KRE
|p 3020001041
|r 2015-03-01
|t 1
|w 2015-03-01
|y BK
|